| 000 | 00831cab a2200229 4500 | ||
|---|---|---|---|
| 001 | ABS52134 | ||
| 008 | 090401t1995 xxu||||| |||| 00| 0 eng d | ||
| 035 | _a(Sirsi) u62819 | ||
| 041 | _aeng | ||
| 100 | _aWaters, R. | ||
| 245 | _aLocation : an opportunity for surveyors | ||
| 260 | _c1995 | ||
| 350 | _a0 | ||
| 490 |
_aCSM (Chartered Surveyor Monthly) _v4(3) January 1995, 32(1) |
||
| 520 | _aReviews how surveyors can develop a role using the latest technology to market quality locational information. Identifies location as a key element of information in valuation, marketing and management of property. | ||
| 650 | _aDIVERSIFICATION | ||
| 650 | _aLOCATIONAL INFORMATION | ||
| 650 | _aPROPERTY INFORMATION | ||
| 690 | _aMANAGEMENT-BUSINESS MANAGEMENT-INFORMATION MANAGEMENT | ||
| 942 | _n0 | ||
| 948 | _c04/03/1997 | ||
| 999 |
_c39020 _d39020 |
||